Pays qui possédaient Pyongyang à travers l'histoire - Statistiques

Statistiques générales
  • Ce quiz a été pris 71 fois
  • Le résultat moyen est 4 sur 11
Statistiques - réponses
Période Pays % Correct
1897 - 1910 Empire de Corée
100%
1910 - 1945 Empire du Japon
93%
1948 - Aujourd'hui Corée du Nord
89%
1951-1952 Corée du Sud
79%
1232 - 1270 Empire Mongole / Dynastie Yuan
57%
1392 - 1897 Période de Joseon
16%
915 - 1232 Royaume de Goryeo
4%
1270 - 1392 Royaume de Goryeo
4%
668 - 915 Dynastie Tang
3%
108 - 668 Koguryo
1%
-2333 - 108 Période de Gojoseon / Ko-Choson
1%
Aucun quiz correspondant
Distribution des résultats
% des personnes avec chaque résultat
Percentile par nombre de réponses
Votre historique - résultats
Vous n’avez pas pris ce quiz